Das Grab des Ibi, Theben Nr. 36. Band II : Die beiden Sarkophage des Ibi und die Sargkammer des Psametik /

محفوظ في:

المؤلف الرئيسي: Wagner, Mareike, 1983- (مؤلف)

مؤلفون آخرون: Hunkeler, Charlotte (المحرر), Meffre, Raphaële (المحرر), Mekis, Tamás (المحرر)

التنسيق: كتاب

اللغة: German

منشور في: Wiesbaden : Harrassowitz Verlag, [2024]

سلاسل: Archäologische Veröffentlichungen (Deutsches Archäologisches Institut. Abteilung Kairo) ; 131.

الموضوعات:

الوسوم: إضافة وسم

لا توجد وسوم, كن أول من يضع وسما على هذه التسجيلة!

رقم الطلب: ( F )DT57 .D47 v.131

LEADER 01968nam a22004457a 4500
003 OSt
005 20260430073049.0
008 260430t20242024gw af b 001 0 ger d
016 7 |a 1281243957  |2 DE-101 
020 |a 9783447118330  |q (v. 2 ;  |q hardbound) 
020 |a 3447118334 
024 3 |a 9783447118330 
035 |a (OCoLC)on1457964872 
035 |a (OCoLC)1457964872 
040 |a OHX  |b eng  |e rda  |c OHX  |d JPG  |d OCLCO 
043 |a f-ua--- 
050 1 4 |a ( F )DT57  |b .D47 v.131 
072 7 |a DT  |2 lcco 
100 1 |a Wagner, Mareike,  |d 1983-  |e author.  |1 https://id.oclc.org/worldcat/entity/E39PCjwBWp3fqVCQKk8HwYxMT3 
245 1 4 |a Das Grab des Ibi, Theben Nr. 36.  |n Band II :   |p Die beiden Sarkophage des Ibi und die Sargkammer des Psametik /  |c von Mareike Wagner ; mit Beiträgen von Charlotte Hunkeler, Raphaële Meffre und Tamás Mekis. 
246 3 0 |a Beiden Sarkophage des Ibi und die Sargkammer des Psametik 
264 1 |a Wiesbaden :  |b Harrassowitz Verlag,  |c [2024] 
264 4 |c ©2024 
300 |a 317 pages, 73 pages of plates :  |b illustrations (some color) ;  |c 36 cm. 
336 |a text  |b txt  |2 rdacontent 
336 |a still image  |b sti  |2 rdacontent 
337 |a unmediated  |b n  |2 rdamedia 
338 |a volume  |b nc  |2 rdacarrier 
490 1 |a Archäologische Veröffentlichungen,  |v 131  |x 2190-5843 ; 
504 |a Includes bibliographical references (pages 287-312) and index. 
600 0 0 |a Ibi  |x Tomb. 
650 0 |a Tombs  |z Egypt  |z Thebes (Extinct city) 
651 0 |a Thebes (Egypt : Extinct city) 
700 1 |a Hunkeler, Charlotte,  |e editor. 
700 1 |a Meffre, Raphaële,  |e editor.  |1 https://id.oclc.org/worldcat/entity/E39PCjtBkW9MFY4WDBTpm3cGd3 
700 1 |a Mekis, Tamás,  |e editor.  |1 https://id.oclc.org/worldcat/entity/E39PCjvXtGpHfcdx9cgVcFvF4y 
830 0 |a Archäologische Veröffentlichungen (Deutsches Archäologisches Institut. Abteilung Kairo) ;  |v 131.  |x 2190-5843 
942 |2 lcc  |c BK 
948 |h HELD BY CGU - 4 OTHER HOLDINGS 
999 |c 62212  |d 62212